3 Biggest Cities in each Region of Armenia - Statistics

General Stats
  • This quiz has been taken 10 times
  • The average score is 12 of 31
Answer Stats
Region + Rank Population City % Correct
Yerevan 1 1,219,893 Yerevan
100%
Ararat 3 17,210 Ararat
70%
Armavir 2 28,021 Armavir
70%
Shirak 1 122,657 Gyumri
50%
Kotayk 1 47,012 Abovyan
40%
Tavush 2 16,390 Dilijan
40%
Syunik 2 17,912 Goris
40%
Kotayk 2 44,966 Hrazdan
40%
Vayots Dzor 3 4,220 Jermuk
40%
Syunik 1 33,105 Kapan
40%
Gegharkunik 1 19,920 Sevan
40%
Lori 3 12,325 Stepanavan
40%
Lori 1 86,190 Vanadzor
40%
Gegharkunik 3 12,754 Vardenis
40%
Aragatsotn 3 5,502 Aparan
30%
Ararat 1 20,401 Artashat
30%
Shirak 2 18,045 Artik
30%
Aragatsotn 1 17,318 Ashtarak
30%
Tavush 3 7,194 Berd
30%
Kotayk 3 22,550 Charentsavan
30%
Gegharkunik 2 18,005 Gavar
30%
Tavush 1 19,041 Ijevan
30%
Ararat 2 20,219 Masis
30%
Syunik 3 13,850 Sisian
30%
Lori 2 13,808 Spitak
30%
Armavir 1 45,199 Vagharshapat
30%
Shirak 3 8,421 Akhuryan
20%
Vayots Dzor 2 4,815 Malishka
20%
Armavir 3 6,111 Parakar
20%
Aragatsotn 2 6,024 Talin
20%
Vayots Dzor 1 7,129 Yeghegnadzor
20%
No matching quizzes found
Score Distribution
Percent of People with Each Score
Percentile by Number Answered
Your Score History
You have not taken this quiz